000 00570nam a2200229Ia 4500
003 OSt
005 20220924142232.0
006 a|||||r|||| 00| 0
007 ta
008 220923b |||||||| |||| 00| 0 ben d
024 _a300970
037 _cTextual
040 _aARTS
_cARTS
_bben
041 _2ben
_aben
082 _aV26255:1:M5, 157K4
100 _aBandopadhyay
_9196155
245 0 _aMursidabad kahinee
260 _c1964
650 _aHISTORY
942 _hV26255:1:M5, 157K4
_cTEXL
_2CC
999 _c449845
_d449845